Pierwsze i ostatnie państwa w alfabecie według języków - Statystyki

Ogólne statystyki
  • Ten quiz został rozwiązany 328 razy
  • Średni wynik to 14 z 49
Statystyki odpowiedzi
Języki Państwo % Poprawnych
perski Zimbabwe
76%
angielski, francuski, hiszpański +36 innych (pełna lista) Afganistan
69%
azerski, turkmeński Albania
59%
białoruski Zjednoczone Emiraty Arabskie
54%
rosyjski, ukraiński, bułgarski +3 inne (pełna lista) Australia
53%
dolnołużycki Stany Zjednoczone
52%
górnołużycki Wielka Brytania
47%
urdu Armenia
46%
sanskryt Rosja
42%
islandzki Niemcy
41%
hindi, marathi Angola
37%
ormiański Azerbejdżan
37%
polski Japonia
37%
zachodniofryzyjski * Białoruś / Indonezja
34%
Francja
31%
serbski Hiszpania
30%
japoński Islandia
30%
sindhi Irlandia
29%
kurdyjski (alfabet łaciński) Republika Południowej Afryki
29%
kannada Ukraina
29%
amharski Węgry
29%
paszto Grecja
28%
łotewski Szwecja
27%
estoński, farerski, romansz Wietnam
26%
nepalski Watykan
25%
łacina Egipt
24%
filipiński Jemen
24%
Indonezja
23%
macedoński, maltański, niderlandzki Szwajcaria
23%
tamilski Gruzja
22%
szan Nowa Zelandia
22%
tadżycki Wenezuela
22%
Chile
19%
irlandzki Etiopia
18%
szkocki gaelicki Uzbekistan
17%
niemiecki, luksemburski, baskijski, dolnoniemiecki Cypr
16%
hebrajski, jidysz Uganda
16%
białoruski (gramatyka Taraszkiewicza) Jordania
15%
khmerski Kambodża
15%
birmański Kenia
14%
litewski, węgierski Republika Zielonego Przylądka
14%
walijski Wyspy Salomona
14%
malajalam Rwanda
13%
tajski Haiti
12%
kazachski Jamajka
12%
duński, szwedzki, norweski (bokmal) Timor Wschodni
12%
koreański Ghana
11%
grecki Saint Lucia
10%
gruziński Honduras
8%
Nie znaleziono quizów pasujących do podanych kryteriów
Rozkład punktacji
Procent ludzi z każdym wynikiem
Percentyl według liczby udzielonych odpowiedzi
Twoja historia wyników
Nie rozwiązałeś tego quizu